Михаил Булгаков: [18+]; [НЕЗАКОННОЕ ПОТРЕБЛЕНИЕ НАРКОТИЧЕСКИХ СРЕДСТВ, ПСИХОТРОПНЫХ ВЕЩЕСТВ, ИХ АНАЛОГОВ ПРИЧИНЯЕТ ВРЕД ЗДОРОВЬЮ, ИХ НЕЗАКОННЫЙ ОБОРОТ ЗАПРЕЩЁН И ВЛЕЧЕТ УСТАНОВЛЕННУЮ ЗАКОНОДАТЕЛЬСТВОМ ОТВЕТСТВЕННОСТЬ]

Podrobná bibliografie
Hlavní autor: Варламов А. Н. Алексей Николаевич
Shrnutí:В русской литературе есть писатели, судьбой владеющие и судьбой владеемые. Михаил Булгаков — из числа вторых. Все его бытие было непрерывным, осмысленным, обреченным на поражение в жизни и на блистательную победу в литературе поединком с Судьбой. Что надо сделать с человеком, каким наградить его даром, через какие взлеты и падения, искушения, испытания и соблазны провести, как сплести жизненный сюжет, каких подарить ему друзей, врагов и удивительных женщин, чтобы он написал «Белую гвардию», «Собачье сердце», «Театральный роман», «Бег», «Кабалу святош», «Мастера и Маргариту»? Прозаик, доктор филологических наук, лауреат литературной премии Александра Солженицына, а также премий «Антибукер», «Большая книга» и др., автор жизнеописаний М. М. Пришвина, А. С. Грина и А. Н. Толстого Алексей Варламов предлагает свою версию судьбы писателя, чьи книги на протяжении многих десятилетий вызывают восхищение, возмущение, яростные споры, любовь и сомнение, но мало кого оставляют равнодушным и имеют несомненный, устойчивый успех во всем мире.
Jazyk:ruština
Vydáno: Москва, Молодая гвардия, 2008
Edice:Жизнь замечательных людей вып. 1339(1139)
Témata:
Médium: Kniha
KOHA link:https://koha.lib.tpu.ru/cgi-bin/koha/opac-detail.pl?biblionumber=154097

MARC

LEADER 00000nam0a2200000 4500
001 154097
005 20260420141254.0
010 |a 9785235031326  |b (в пер.)  |b 5000 экз. 
035 |a (RuTPU)RU\TPU\book\167152 
090 |a 154097 
100 |a 20081119d2008 m y0rusy5002 ca 
101 0 |a rus 
102 |a RU 
105 |a c z 001ab 
200 1 |a Михаил Булгаков  |e [18+]  |e [НЕЗАКОННОЕ ПОТРЕБЛЕНИЕ НАРКОТИЧЕСКИХ СРЕДСТВ, ПСИХОТРОПНЫХ ВЕЩЕСТВ, ИХ АНАЛОГОВ ПРИЧИНЯЕТ ВРЕД ЗДОРОВЬЮ, ИХ НЕЗАКОННЫЙ ОБОРОТ ЗАПРЕЩЁН И ВЛЕЧЕТ УСТАНОВЛЕННУЮ ЗАКОНОДАТЕЛЬСТВОМ ОТВЕТСТВЕННОСТЬ]  |f А. Н. Варламов 
210 |a Москва  |c Молодая гвардия  |d 2008 
215 |a 838, [2] с.  |d 21 см.  |c ил. 
225 1 |a Жизнь замечательных людей  |v вып. 1339(1139) 
320 |a Библиогр.: с. 836-839. 
320 |a Библиогр. в примеч.: с. 796-825. 
330 |a В русской литературе есть писатели, судьбой владеющие и судьбой владеемые. Михаил Булгаков — из числа вторых. Все его бытие было непрерывным, осмысленным, обреченным на поражение в жизни и на блистательную победу в литературе поединком с Судьбой. Что надо сделать с человеком, каким наградить его даром, через какие взлеты и падения, искушения, испытания и соблазны провести, как сплести жизненный сюжет, каких подарить ему друзей, врагов и удивительных женщин, чтобы он написал «Белую гвардию», «Собачье сердце», «Театральный роман», «Бег», «Кабалу святош», «Мастера и Маргариту»? Прозаик, доктор филологических наук, лауреат литературной премии Александра Солженицына, а также премий «Антибукер», «Большая книга» и др., автор жизнеописаний М. М. Пришвина, А. С. Грина и А. Н. Толстого Алексей Варламов предлагает свою версию судьбы писателя, чьи книги на протяжении многих десятилетий вызывают восхищение, возмущение, яростные споры, любовь и сомнение, но мало кого оставляют равнодушным и имеют несомненный, устойчивый успех во всем мире. 
600 1 |a Булгаков  |b М. А.  |c русский писатель  |f 1891-1940  |g Михаил Афанасьевич  |2 stltpush  |3 (RuTPU)RU\TPU\pers\984  |9 436 
610 1 |a русская литература 
610 1 |a история 
610 1 |a литературоведение 
610 1 |a русские писатели 
610 1 |a 20 век 
675 |a 8Р2(092)  |v 3 
700 1 |a Варламов  |b А. Н.  |g Алексей Николаевич  |4 070 
801 1 |a RU  |b 63413507  |c 20090220  |g PSBO 
801 2 |a RU  |b 63413507  |c 20090826  |g PSBO 
830 |a *изданиеподлежащеемаркировке 
942 |c BK